[Event "TUR-chT 2nd League"]
[Site "Konya"]
[Date "2022.08.23"]
[Round "3.5"]
[White "Kocakaplan, Emre"]
[Black "Cekli, Cem"]
[Result "1-0"]
[WhiteElo "1790"]
[BlackElo "1777"]
[PlyCount "61"]
[EventDate "2022.08.22"]
[EventType "team-swiss"]
[EventRounds "9"]
[EventCountry "TUR"]
[SourceTitle "CBM 210 Extra"]
[Source "ChessBase"]
[SourceDate "2022.11.30"]
[SourceVersion "1"]
[SourceVersionDate "2022.11.30"]
[SourceQuality "1"]
[WhiteTeam "Sakarya Satranc"]
[BlackTeam "Konya Erkin"]
[WhiteTeamCountry "TUR"]
[BlackTeamCountry "TUR"]

1. d4 Nf6 2. c4 Nc6 3. Nf3 e6 4. a3 d6 5. Nc3 Be7 6. g3 0-0 7. Bg2 e5 8. 0-0 Bg4 9. d5 Nb8 10. h3 Bc8 11. Ne1 a5 12. Nd3 Nbd7 13. a4 b6 14. e4 Nc5 15. Be3 Nxd3 16. Qxd3 Ne8 17. f4 exf4 18. gxf4 Bh4 19. Bd4 Nf6 20. Kh2 Nh5 21. Ne2 f5 22. e5 g5 23. Rg1 h6 24. Bf3 Ng7 25. e6 Qe7 26. fxg5 hxg5 27. Nf4 gxf4 28. Rxg7+ Qxg7 29. Bxg7 Kxg7 30. Qd4+ Bf6 31. Rg1+ 1-0

[Event "TUR-chT 2nd League"]
[Site "Konya"]
[Date "2019.07.28"]
[Round "9.5"]
[White "Cekli, Cem"]
[Black "Aydogdu, Cagatay"]
[Result "1/2-1/2"]
[WhiteElo "1699"]
[BlackElo "1845"]
[PlyCount "32"]
[EventDate "2019.07.22"]
[EventType "team-swiss"]
[EventRounds "9"]
[EventCountry "TUR"]
[SourceTitle "CBM 191 Extra"]
[Source "ChessBase"]
[SourceDate "2019.09.30"]
[SourceVersion "1"]
[SourceVersionDate "2019.09.30"]
[SourceQuality "1"]
[WhiteTeam "Konya Erkin"]
[BlackTeam "Marmara Universitesi"]
[WhiteTeamCountry "TUR"]
[BlackTeamCountry "TUR"]

1. d4 g6 2. c4 c6 3. Nc3 d5 4. cxd5 cxd5 5. Nf3 Bg7 6. Bf4 Nf6 7. e3 a6 8. Be2 Nc6 9. Qb3 0-0 10. 0-0 b5 11. Ne5 Na5 12. Qb4 Re8 13. a4 Nc4 14. axb5 a5 15. Qa4 Nb6 16. Qb3 Bb7 1/2-1/2

[Event "TUR-chT 2nd League"]
[Site "Konya"]
[Date "2019.07.25"]
[Round "6.10"]
[White "Ince, Taylan Ruzgar"]
[Black "Cekli, Cem"]
[Result "1/2-1/2"]
[WhiteElo "1610"]
[BlackElo "1699"]
[PlyCount "75"]
[EventDate "2019.07.22"]
[EventType "team-swiss"]
[EventRounds "9"]
[EventCountry "TUR"]
[SourceTitle "CBM 191 Extra"]
[Source "ChessBase"]
[SourceDate "2019.09.30"]
[SourceVersion "1"]
[SourceVersionDate "2019.09.30"]
[SourceQuality "1"]
[WhiteTeam "Yalova Altinkale"]
[BlackTeam "Konya Erkin"]
[WhiteTeamCountry "TUR"]
[BlackTeamCountry "TUR"]

1. e4 Nf6 2. e5 Nd5 3. d4 d6 4. Nf3 dxe5 5. Nxe5 c6 6. Be2 Bf5 7. a3 Nd7 8. Nf3 e6 9. 0-0 Be7 10. c4 N5f6 11. Nc3 0-0 12. Bf4 Ne4 13. Qb3 Qb6 14. Qxb6 Nxb6 15. Nxe4 Bxe4 16. Rac1 Rfd8 17. Rfd1 Bf6 18. Ne5 Bxe5 19. dxe5 h6 20. Rd6 Rxd6 21. exd6 Nd7 22. f3 Bg6 23. c5 e5 24. Be3 f6 25. b4 Bf7 26. b5 Rb8 27. Rb1 Bd5 28. a4 Kf7 29. bxc6 bxc6 30. Rxb8 Nxb8 31. a5 f5 32. Kf1 Bb3 33. Ke1 Ke6 34. Kd2 a6 35. Bd3 Bd5 36. Kc3 g5 37. h3 h5 38. Kd2 1/2-1/2

[Event "TUR-chT 2nd League"]
[Site "Konya"]
[Date "2019.07.23"]
[Round "3.11"]
[White "Cekli, Cem"]
[Black "Bicer, Atakan Mert"]
[Result "0-1"]
[WhiteElo "1699"]
[BlackElo "1870"]
[PlyCount "70"]
[EventDate "2019.07.22"]
[EventType "team-swiss"]
[EventRounds "9"]
[EventCountry "TUR"]
[SourceTitle "CBM 191 Extra"]
[Source "ChessBase"]
[SourceDate "2019.09.30"]
[SourceVersion "1"]
[SourceVersionDate "2019.09.30"]
[SourceQuality "1"]
[WhiteTeam "Konya Erkin"]
[BlackTeam "Eskiseh Tasci"]
[WhiteTeamCountry "TUR"]
[BlackTeamCountry "TUR"]

1. d4 d5 2. Nf3 Nf6 3. c4 c6 4. Nc3 dxc4 5. a4 Bf5 6. e3 e6 7. Bxc4 Bb4 8. 0-0 Nbd7 9. Bd3 Qa5 10. Bxf5 exf5 11. Qc2 0-0 12. Nd2 Bxc3 13. bxc3 Rfe8 14. Ba3 f4 15. e4 f3 16. Nxf3 Nxe4 17. Bb4 Qf5 18. Nd2 Nb6 19. f3 Ng3 20. Qxf5 Nxf5 21. Ne4 Nc4 22. Rfb1 Rab8 23. a5 Red8 24. Kf2 b6 25. axb6 axb6 26. g4 Nfe3 27. h3 Nd5 28. Kg3 Ra8 29. Rxa8 Rxa8 30. Bd6 Ra2 31. Re1 f5 32. Ng5 Nxd6 33. Re6 h6 34. Rxd6 hxg5 35. gxf5 Nf4 0-1

[Event "TUR Cup"]
[Site "Antalya"]
[Date "2017.02.01"]
[Round "7"]
[White "Cekli, Cem"]
[Black "Araboga, Mesut"]
[Result "1-0"]
[WhiteElo "1480"]
[BlackElo "1728"]
[PlyCount "80"]
[EventDate "2017.01.28"]
[EventType "swiss"]
[EventRounds "11"]
[EventCountry "TUR"]
[SourceTitle "CBM 176 Extra"]
[Source "ChessBase"]
[SourceDate "2017.03.02"]
[SourceVersion "1"]
[SourceVersionDate "2017.03.02"]
[SourceQuality "1"]

1. d4 Nf6 2. Nf3 b6 3. c4 e6 4. a3 Bb7 5. Nc3 d5 6. e3 Be7 7. b3 Nbd7 8. Bb2 0-0 9. Be2 Re8 10. 0-0 Bd6 11. Qc2 c6 12. Rfd1 Rc8 13. b4 c5 14. dxc5 bxc5 15. Qb3 Nb6 16. cxd5 c4 17. Qc2 exd5 18. Nb5 Bb8 19. Nc3 Qe7 20. Rac1 Rc6 21. Nd4 Qe5 22. g3 Rcc8 23. Bf3 Qg5 24. Bg2 h5 25. h4 Qg4 26. Nf3 Bc6 27. Rd4 Qd7 28. Ng5 g6 29. Bh3 Ng4 30. Bxg4 hxg4 31. h5 Qf5 32. Qxf5 gxf5 33. h6 Be5 34. h7+ Kg7 35. Rd2 Kg6 36. f4 Bg7 37. b5 Ba8 38. a4 Rcd8 39. a5 Nc8 40. e4 fxe4 1-0